Take a look (Dê uma olhada) (Record no. 142487)
[ view plain ]
| 000 -LÍDER | |
|---|---|
| campo de controle de tamanho fixo | 00544 a2200181 4500 |
| 001 - NÚMERO DE CONTROLE | |
| campo de controle | 142487 |
| 040 ## - FONTE DA CATALOGAÇÃO | |
| Instituição que transcreveu o registro | Leonardo Da Vinci |
| 041 ## - CÓDIGO DE IDIOMA | |
| Código do idioma do texto/trilha sonora ou título diferente | Português |
| 082 ## - CDD - CLASSIFICAÇÃO DECIMAL DE DEWEY | |
| Número de Classificação | v225 |
| 100 ## - ENTRADA PRINCIPAL--NOME PESSOAL | |
| Nome pessoal | EDUCACIONAL SHOP VIDEO |
| 245 ## - TÍTULO | |
| Título | Take a look (Dê uma olhada) |
| Restante do título | para crianças de 7 a 10 anos |
| 250 ## - EDIÇÃO | |
| Edição | v.5-6 |
| 260 ## - PUBLICAÇÃO, DISTRIBUIÇÃO, ETC. | |
| Nome do editor, distribuidor, etc. | ESV |
| Local de publicação, distribuição, etc. | São Paulo |
| 490 ## - TÍTULO DA SÉRIE | |
| Título da série | TV Ontario |
| 520 ## - NOTA DE RESUMO, ETC | |
| Resumo, etc. | Ajuda a criança a descobrir o papel da ciência em sua vida |
| 697 ## - ENTRADA DE ASSUNTO LOCAL--ENTIDADE COLETIVA (RLIN) | |
| Nome corporativo ou nome da jurisdição | Ciências |
| -- | Matéria |
| -- | Árvores |
| -- | Som |
| -- | Magnetismo |
| -- | Eletricidade |
| -- | Tempo |
| -- | Infantil |
| 942 ## - ELEMENTOS DE ENTRADA ADICIONADOS (KOHA) | |
| Tipo de material Koha | Materiais visuais |
| Situação do descarte | Situação das perdas | Situação física | Não pode ser emprestado | Biblioteca de origem | Biblioteca atual | Data de aquisição | Total de empréstimos | Número de chamada completo | Código de barras | Data de último acesso | Data do preço efetivo | Tipo de material Koha |
|---|---|---|---|---|---|---|---|---|---|---|---|---|
| Leonardo Da Vinci - Alphaville 1 | Leonardo Da Vinci - Alphaville 1 | 27/03/2024 | v225 | A0237LVA | 27/03/2024 | 27/03/2024 | Materiais visuais |